El registro de condiciones generales de contratacin̤ (una aproximacin̤ crt̕ica a su reglamentacin̤) /

Bibliographic Details
Main Author: Cabanas Trejo, Ricardo
Other Authors: Bonardell Lenzano, Rafael
Format: Unknown
Language:Spanish
Published: Madrid : EDERSA, D.L. 2001
Series:Cuadernos mercantiles (Editoriales de Derecho Reunidas)
Subjects:
Online Access:Acceso restringido

MARC

LEADER 00000ny a22000003n 4500
005 20110609112544.0
008 010827s2001 sp 001 spa c
017 |a M1923-2001 
020 |a 8471309963 
035 |a 1599 
040 |a UMA.DER  |d vLex 
040 |a UMA.RE  |d vLex 
080 |a 347.74(460) 
090 |c 598  |d 598 
100 1 |a Cabanas Trejo, Ricardo 
245 1 3 |a El registro de condiciones generales de contratacin̤  |h [Recurso electrn̤ico]  |b (una aproximacin̤ crt̕ica a su reglamentacin̤) /  |c Ricardo Cabanas Trejo, Rafael Bonardell Lenzano 
256 |a Servicio en ln̕ea 
260 |a Madrid :  |b EDERSA,  |c D.L. 2001 
300 |a 350 p. ;  |c 20 cm 
490 1 |a Cuadernos mercantiles ;  |v 10 
506 1 |a Contenido solo disponible en los productos indicados  |d vLex Global  |d vLex Global (Academic Edition, excluding Law Schools)  |d vLex Global (U.S. Academic Edition, Law Schools)  |d vLex Global (U.S. Academic Edition, excluding Law Schools)  |d vLex Global (Academic Edition, Law Schools) 
650 0 7 |2 Tesauro vLex  |a Contratos 
650 0 7 |2 Tesauro vLex  |a Civil 
650 0 7 |2 Tesauro vLex  |a Condiciones generales de la contratacin̤  
700 1 |a Bonardell Lenzano, Rafael 
740 0 |a vLex Libros (Servicios en ln̕ea) 
830 0 |a Cuadernos mercantiles (Editoriales de Derecho Reunidas) 
856 4 0 |z Acceso restringido  |u http://vlex.com/source/registro-condiciones-generales-contratacion-1599 
942 |c BOOK 
999 0 |a Civil Law  |b Madrid